000 00313 a2200109 4500
001 ART_12779
005 20260410161733.0
008 260409a
245 1 0 _aUna dramatica encrucijada
100 1 _aTerragno, Rodolfo
773 0 _tEjecutivos de finanzas
_g- Año 7, Nº 56 (jun. 1989)
_wREV2863
999 _c18029
_d18029